Pioneering Palm Beach : the Deweys and the South Florida frontier /

Bibliographic Details
Main Author: Pedersen, Ginger
Other Authors: DeVries, Janet
Format: Book
Language:English
Published: Charleston, S.C. : History Press, 2012.
Subjects:

MARC

Tag First Indicator Second Indicator Subfields
LEADER 00000cam a2200000 i 4500
001 in00002783346
005 20150922144756.0
008 120806s2012 scua b 001 0ceng
010 |a  2012031906 
020 |a 9781609496579 
020 |a 1609496574 
035 |a (OCoLC)ocn801928900 
040 |a DLC  |e rda  |c DLC  |d UtOrBLW 
043 |a n-us-fl 
049 |a TXAM 
050 0 0 |a F317.P2  |b P43 2012 
082 0 0 |a 975.9/32  |2 23 
100 1 |a Pedersen, Ginger. 
245 1 0 |a Pioneering Palm Beach :  |b the Deweys and the South Florida frontier /  |c Ginger L. Pedersen & Janet M. DeVries. 
264 1 |a Charleston, S.C. :  |b History Press,  |c 2012. 
300 |a 126 pages :  |b illustrations ;  |c 23 cm. 
336 |a text  |b txt  |2 rdacontent 
337 |a unmediated  |b n  |2 rdamedia 
338 |a volume  |b nc  |2 rdacarrier 
504 |a Includes bibliographical references (pages [119]-121) and index. 
505 0 |a Foreword / by Harvey E. Oyer III -- The Spilmans and the Taylors -- "One Awful Night in My Tenth Year" -- Westward to the Land of Lincoln -- Begin to Talk Florida -- The Dreamer of Dreams -- Night in a Long White-Draped Room -- The Lake Worth Country -- The Hermitage -- The Blessed Isle -- The King Arrives in the Jungle -- The Great Freeze and the Orphaned Town -- A New Century and New Challenges -- The Bird Whisperer and the Journey Home. 
600 3 0 |a Dewey family. 
650 0 |a Pioneers  |z Florida  |z Palm Beach County  |v Biography. 
651 0 |a Palm Beach County (Fla.)  |v Biography. 
651 0 |a Palm Beach County (Fla.)  |x History. 
650 0 |a Frontier and pioneer life  |z Florida  |z Palm Beach County. 
651 0 |a Boynton Beach (Fla.)  |v Biography. 
651 0 |a Boynton Beach (Fla.)  |x History. 
700 1 |a DeVries, Janet. 
945 |a PromptCat 
946 |a stk 
947 |a A14836006235 
948 |a cataloged  |b h  |c 2012/12/13  |d c  |e dmitchel  |f 8:00:00 am 
994 |a 92  |b TXA 
999 |a MARS 
999 f f |s c68dc96b-014d-3086-832e-f85874d3f86f  |i adb6a5ed-3ffd-34e5-9c8c-25e4a8c02762  |t 0 
952 f f |p normal  |a Texas A&M University  |b College Station  |c Sterling C. Evans Library  |d Evans: Library Stacks  |t 0  |e F317.P2 P43 2012  |h Library of Congress classification  |i unmediated -- volume  |m A14836006235 
998 f f |a F317.P2 P43 2012  |t 0  |l Evans: Library Stacks